[Event "23rd EUR-ch"]
[Site "Vrnjacka Banja SRB"]
[Date "2023.03.10"]
[Round "8.133"]
[White "Patrelakis, Evaggelos"]
[Black "Petrovic, Aleksa"]
[Result "1-0"]
[WhiteElo "2387"]
[BlackElo "2254"]
[EventDate "2023.03.03"]
[PlyCount "90"]

1.e4 c5 2.Nf3 e6 3.d4 cxd4 4.Nxd4 a6 5.Bd3 Nf6 6.O-O Qc7 7.Qe2 d6 8.c4 g6 
9.Nc3 Bg7 10.Be3 O-O 11.Rac1 Nbd7 12.f4 b6 13.b4 Bb7 14.Nb3 Rac8 15.Bd4 h5
16.h3 e5 17.fxe5 Nxe5 18.Nd5 Bxd5 19.cxd5 Qe7 20.Rxc8 Rxc8 21.Bxa6 Re8 22.
Bb5 Rc8 23.a4 h4 24.Bxb6 Nh5 25.Qf2 Rc3 26.Nd4 Qg5 27.Kh2 Bh6 28.Ne2 Ra3 
29.Qe1 Ng3 30.Nxg3 Rxg3 31.Qe2 f5 32.exf5 gxf5 33.Bd4 Bg7 34.Kh1 f4 35.
Bxe5 f3 36.Rxf3 Bxe5 37.Bd3 Rxf3 38.Qxf3 Qc1+ 39.Bf1 Qd2 40.b5 Bg3 41.Qe2 
Qa5 42.Qe4 Kf7 43.Qb1 Qxa4 44.b6 Be5 45.b7 Ke7 1-0

[Event "23rd EUR-ch"]
[Site "Vrnjacka Banja SRB"]
[Date "2023.03.10"]
[Round "8.134"]
[White "Bethke, Richard"]
[Black "Gallana, Marco"]
[Result "1-0"]
[WhiteElo "2383"]
[BlackElo "2250"]
[EventDate "2023.03.03"]
[PlyCount "39"]

1.e4 c5 2.Nf3 Nc6 3.d4 cxd4 4.Nxd4 Nf6 5.Nc3 e5 6.Ndb5 d6 7.Bg5 a6 8.Na3 
b5 9.Nd5 Be7 10.Bxf6 Bxf6 11.c3 O-O 12.Nc2 Rb8 13.h4 g6 14.Nce3 Bg7 15.h5 
Bb7 16.a4 bxa4 17.hxg6 fxg6 18.Bc4 Kh8 19.Qg4 Ne7 20.Qh4 1-0

[Event "23rd EUR-ch"]
[Site "Vrnjacka Banja SRB"]
[Date "2023.03.10"]
[Round "8.135"]
[White "Selbes, Tarik"]
[Black "Garrido Outon, Alex"]
[Result "0-1"]
[WhiteElo "2255"]
[BlackElo "2380"]
[EventDate "2023.03.03"]
[PlyCount "58"]

1.e4 c5 2.Nf3 d6 3.d4 cxd4 4.Nxd4 Nf6 5.Nc3 a6 6.Qd3 Nbd7 7.Be2 g6 8.Bg5 
Bg7 9.O-O-O Qa5 10.f4 O-O 11.h4 h6 12.f5 Nc5 13.Qe3 hxg5 14.hxg5 Nfxe4 15.
Nxe4 Nxe4 16.Qxe4 Bxf5 17.Nxf5 gxf5 18.Qh4 Rfc8 19.Bc4 Kf8 20.c3 b5 21.Bb3
Rxc3+ 22.Kb1 Rac8 23.g6 Qc7 24.Qf2 f4 25.Qd2 Rc5 26.Rh7 d5 27.Rdh1 Qe5 28.
Re1 Rc2 29.Rxe5 Rxd2 0-1

[Event "23rd EUR-ch"]
[Site "Vrnjacka Banja SRB"]
[Date "2023.03.10"]
[Round "8.136"]
[White "Tifferet, Shaked"]
[Black "Arsovic, Goran"]
[Result "1-0"]
[WhiteElo "2219"]
[BlackElo "2379"]
[EventDate "2023.03.03"]
[PlyCount "50"]

1.d4 Nf6 2.c4 g6 3.Nc3 Bg7 4.e4 d6 5.h3 Nbd7 6.Be3 e5 7.d5 Nc5 8.Qc2 Nh5 
9.b4 Nd7 10.c5 O-O 11.c6 bxc6 12.dxc6 Nb6 13.Nf3 Be6 14.Rd1 h6 15.a4 f5 
16.a5 Nc8 17.Be2 Nf4 18.Bxf4 exf4 19.Nd4 Bxd4 20.Rxd4 Qf6 21.Qd2 fxe4 22.
Nxe4 Qe5 23.O-O Ne7 24.Re1 Nxc6 25.Rd3 Qg7 1-0

[Event "23rd EUR-ch"]
[Site "Vrnjacka Banja SRB"]
[Date "2023.03.10"]
[Round "8.137"]
[White "Ozdemir, Serhan Berat"]
[Black "Uskov, Artem"]
[Result "1/2-1/2"]
[WhiteElo "2200"]
[BlackElo "2373"]
[EventDate "2023.03.03"]
[PlyCount "44"]

1.e4 c5 2.Nf3 d6 3.d4 cxd4 4.Nxd4 Nf6 5.Nc3 a6 6.Bg5 Nbd7 7.Qe2 h6 8.Bh4 
g6 9.f4 e5 10.fxe5 dxe5 11.O-O-O Qc7 12.Nb3 Bg7 13.Qc4 Qxc4 14.Bxc4 Nb6 
15.Be2 O-O 16.Rd6 Nbd7 17.Rf1 g5 18.Be1 b5 19.Na5 Ne8 20.Rc6 Ndf6 21.Nd5 
Be6 22.Nc7 Kh7 1/2-1/2

[Event "23rd EUR-ch"]
[Site "Vrnjacka Banja SRB"]
[Date "2023.03.10"]
[Round "8.138"]
[White "Nemec, Jachym"]
[Black "Krzywda, Andrzej"]
[Result "1-0"]
[WhiteElo "2371"]
[BlackElo "2235"]
[EventDate "2023.03.03"]
[PlyCount "69"]

1.Nf3 Nf6 2.c4 e6 3.g3 d5 4.d4 Bb4+ 5.Bd2 Be7 6.Bg2 O-O 7.O-O c6 8.Qc2 Ne4
9.Ne5 f5 10.Be3 Nd7 11.Nd3 g5 12.Nd2 Qe8 13.Nf3 Qg6 14.Nfe5 Qg7 15.f3 Nd6 
16.b3 h5 17.Rad1 h4 18.gxh4 f4 19.Bf2 Nf6 20.Kh1 Nf5 21.Bh3 Nh5 22.Rg1 Qh7
23.Rg2 Kh8 24.Rdg1 Nhg7 25.Qd2 Nd6 26.c5 Nde8 27.e3 Bf6 28.exf4 Bxe5 29.
Nxe5 Rxf4 30.Rxg5 Rf6 31.Be3 Qxh4 32.Ng6+ Rxg6 33.Rxg6 Qe7 34.Qg2 Bd7 35.
Bh6 1-0

[Event "23rd EUR-ch"]
[Site "Vrnjacka Banja SRB"]
[Date "2023.03.10"]
[Round "8.139"]
[White "Pogorelsky, Sergei"]
[Black "Suarez Uriel, Adrian"]
[Result "0-1"]
[WhiteElo "2203"]
[BlackElo "2370"]
[EventDate "2023.03.03"]
[PlyCount "32"]

1.e4 c5 2.Nf3 d6 3.d4 cxd4 4.Nxd4 Nf6 5.Nc3 a6 6.Be3 e5 7.Nb3 Be7 8.f3 Be6
9.Qd2 h5 10.O-O-O Nbd7 11.Kb1 Rc8 12.Bd3 b5 13.h3 h4 14.Rhe1 Nb6 15.Qf2 
Nfd7 16.Nd5 Nc4 0-1

[Event "23rd EUR-ch"]
[Site "Vrnjacka Banja SRB"]
[Date "2023.03.10"]
[Round "8.140"]
[White "Secheres, Adrian-Simion"]
[Black "Yonal, Timur"]
[Result "1/2-1/2"]
[WhiteElo "2369"]
[BlackElo "1859"]
[EventDate "2023.03.03"]
[PlyCount "143"]

1.d4 Nf6 2.c4 e6 3.Nf3 d5 4.Nc3 c6 5.e3 Bd6 6.Qc2 Nbd7 7.Bd3 dxc4 8.Bxc4 
O-O 9.O-O e5 10.dxe5 Nxe5 11.Nxe5 Bxe5 12.h3 Qe7 13.Bd2 Rd8 14.Rad1 b6 15.
e4 Bb7 16.Rde1 b5 17.Bb3 b4 18.Nb1 c5 19.Bg5 h6 20.Bxf6 Qxf6 21.Re3 Qe7 
22.Rfe1 Rd4 23.Rf3 Rxe4 24.Rxe4 Bxe4 25.Rxf7 Bxc2 26.Rxe7+ Bxb3 27.axb3 
Bxb2 28.Nd2 a5 29.Nc4 Bf6 30.Re1 Ra6 31.Re8+ Kf7 32.Rc8 a4 33.bxa4 Rxa4 
34.Rxc5 b3 35.Rb5 Rxc4 36.Rxb3 Ke6 37.g3 Kd5 38.Kg2 Kd4 39.Rf3 Rc3 40.Rf4+
Kd3 41.h4 Rc4 42.Rf3+ Kd2 43.Re3 Rc5 44.Re4 Re5 45.Ra4 Re2 46.Kf1 Re1+ 47.
Kg2 Rc1 48.Re4 Rc5 49.Rf4 Rd5 50.Re4 Bd4 51.Rf4 Rd6 52.Kf1 Kd3 53.Rf3+ Ke4
54.Rf4+ Ke5 55.Rf7 g6 56.Kg2 Rf6 57.Re7+ Kd5 58.Re2 Kc4 59.Ra2 g5 60.hxg5 
hxg5 61.f3 Kd3 62.Kh3 Be3 63.Kg4 Rg6 64.Ra4 Ke2 65.Ra2+ Bd2 66.Rb2 Rf6 67.
Ra2 Rg6 68.Rb2 Rd6 69.f4 gxf4 70.gxf4 Rd4 71.Kf5 Rxf4+ 72.Ke5 1/2-1/2

[Event "23rd EUR-ch"]
[Site "Vrnjacka Banja SRB"]
[Date "2023.03.10"]
[Round "8.141"]
[White "Aizenberg, Benny"]
[Black "Sahin, Ozgun"]
[Result "1-0"]
[WhiteElo "2367"]
[BlackElo "2177"]
[EventDate "2023.03.03"]
[PlyCount "53"]

1.e4 g6 2.d4 Bg7 3.Nc3 c6 4.f4 d5 5.e5 h5 6.Nf3 Bg4 7.h3 Bxf3 8.Qxf3 e6 9.
g3 Qb6 10.Qd3 Ne7 11.Be3 Nf5 12.Bf2 Nd7 13.O-O-O g5 14.Qf3 gxf4 15.gxf4 
Bh6 16.h4 Nf8 17.Bh3 O-O-O 18.Kb1 Ne7 19.Qxh5 Nfg6 20.Qf3 Nxf4 21.Bg4 Rdf8
22.h5 f5 23.exf6 Rxf6 24.Bh4 Rhf8 25.Bxf6 Rxf6 26.Ne2 Nxh5 27.Qa3 1-0

[Event "23rd EUR-ch"]
[Site "Vrnjacka Banja SRB"]
[Date "2023.03.10"]
[Round "8.142"]
[White "Stanojevic, Ilija"]
[Black "Hnydiuk, Aleksander"]
[Result "0-1"]
[WhiteElo "2096"]
[BlackElo "2364"]
[EventDate "2023.03.03"]
[PlyCount "40"]

1.d4 Nf6 2.c4 g6 3.f3 Nc6 4.d5 Ne5 5.Nc3 d6 6.e4 Bg7 7.Be3 O-O 8.Qd2 c6 9.
O-O-O b5 10.cxb5 cxb5 11.Bxb5 Bd7 12.f4 Neg4 13.Bd4 Bxb5 14.h3 Rc8 15.Kb1 
Rxc3 16.Qxc3 Nxe4 17.Qb4 Ngf2 18.Bxg7 Kxg7 19.Nf3 Qb6 20.Ka1 Nxh1 0-1

[Event "23rd EUR-ch"]
[Site "Vrnjacka Banja SRB"]
[Date "2023.03.10"]
[Round "8.143"]
[White "Alexakis, Dimitrios"]
[Black "Roebers, Eline"]
[Result "1/2-1/2"]
[WhiteElo "2024"]
[BlackElo "2362"]
[EventDate "2023.03.03"]
[PlyCount "69"]

1.e4 c5 2.Nf3 d6 3.Bb5+ Nd7 4.d4 cxd4 5.Nxd4 Nf6 6.Nc3 a6 7.Bxd7+ Bxd7 8.
O-O g6 9.f4 Bg7 10.h3 O-O 11.Be3 Rc8 12.Qf3 Bc6 13.Rad1 Qc7 14.Nxc6 bxc6 
15.Bd4 Rb8 16.b3 Nd7 17.Bxg7 Kxg7 18.Qd3 Nc5 19.Qe3 Kg8 20.e5 Nd7 21.exd6 
exd6 22.f5 d5 23.Rde1 Rbe8 24.Qf2 Re5 25.Rxe5 Qxe5 26.Ne2 Nf6 27.Qd4 Qxe2 
28.Qxf6 Qxc2 29.Rf3 c5 30.fxg6 Qxg6 31.Qf4 Kh8 32.Rg3 Qe6 33.Qg5 Qg6 34.
Qf4 Qe6 35.Qg5 1/2-1/2

[Event "23rd EUR-ch"]
[Site "Vrnjacka Banja SRB"]
[Date "2023.03.10"]
[Round "8.144"]
[White "Tregubenko, Nikolai"]
[Black "Filip, Lucian-Ioan"]
[Result "0-1"]
[WhiteElo "2022"]
[BlackElo "2349"]
[EventDate "2023.03.03"]
[PlyCount "88"]

1.e4 e6 2.d4 d5 3.Nc3 Nf6 4.e5 Nfd7 5.f4 c5 6.Nf3 Nc6 7.Be3 cxd4 8.Nxd4 
Qb6 9.Be2 Nxd4 10.Bxd4 Bc5 11.Na4 Qa5+ 12.c3 Bxd4 13.Qxd4 b6 14.Bd1 O-O 
15.O-O f6 16.exf6 Nxf6 17.b4 Qa6 18.Nb2 Qa3 19.Nd3 Ba6 20.Bb3 Rac8 21.Rae1
Bc4 22.Bxc4 Rxc4 23.Qe5 Re8 24.Rc1 d4 25.f5 Rxc3 26.fxe6 Rxc1 27.Nxc1 Qe3+
28.Qxe3 dxe3 29.Re1 Rxe6 30.Kf1 Nd5 31.Nd3 Rc6 32.Ke2 Rc2+ 33.Kf3 Rxa2 34.
h3 Rd2 35.Ke4 e2 36.Ne5 Nxb4 37.Nf3 Nd3 38.Nxd2 Nxe1 39.Ke3 Nxg2+ 40.Kxe2 
Nf4+ 41.Kf3 Nxh3 42.Ne4 h6 43.Nd6 Ng5+ 44.Ke3 a6 0-1

[Event "23rd EUR-ch"]
[Site "Vrnjacka Banja SRB"]
[Date "2023.03.10"]
[Round "8.145"]
[White "Biyiksiz, Ali Batuhan"]
[Black "Reshef, Omer"]
[Result "0-1"]
[WhiteElo "1994"]
[BlackElo "2492"]
[EventDate "2023.03.03"]
[PlyCount "35"]

1.d4 d5 2.c4 c6 3.Nc3 Nf6 4.e3 g6 5.Nf3 Bg7 6.Be2 O-O 7.O-O e6 8.b4 Nbd7 
9.Qc2 dxc4 10.Bxc4 b5 11.Bd3 a5 12.bxa5 Qxa5 13.Bd2 Qa7 14.Rfb1 Nb6 15.Ne5
Bd7 16.g4 Rfc8 17.g5 Ne4 18.Nxe4 0-1

[Event "23rd EUR-ch"]
[Site "Vrnjacka Banja SRB"]
[Date "2023.03.10"]
[Round "8.146"]
[White "Castellanos Rodriguez, Renier"]
[Black "Ravic, Nenad"]
[Result "1-0"]
[WhiteElo "2484"]
[BlackElo "2238"]
[EventDate "2023.03.03"]
[PlyCount "56"]

1.e4 c5 2.Nf3 d6 3.d4 cxd4 4.Nxd4 Nf6 5.Nc3 a6 6.Be3 e6 7.a3 Be7 8.Qe2 O-O
9.O-O-O Qc7 10.g4 d5 11.exd5 Bxa3 12.Qc4 Qxc4 13.Bxc4 exd5 14.Nxd5 Nxd5 
15.Bxd5 Bc5 16.h3 Nd7 17.Rhe1 Nb6 18.Bg2 Bd7 19.Bxb7 Rab8 20.Bxa6 Ra8 21.
Bf1 Ra1+ 22.Kd2 Ra2 23.b3 Bb4+ 24.Kd3 Bxe1 25.Rxe1 Rd8 26.c4 f5 27.gxf5 
Bxf5+ 28.Kc3 Re8 1-0

[Event "23rd EUR-ch"]
[Site "Vrnjacka Banja SRB"]
[Date "2023.03.10"]
[Round "8.147"]
[White "Janzelj, Tim"]
[Black "Miletic, Vuk"]
[Result "1/2-1/2"]
[WhiteElo "2472"]
[BlackElo "2231"]
[EventDate "2023.03.03"]
[PlyCount "118"]

1.e4 c5 2.c3 Nf6 3.e5 Nd5 4.Nf3 d6 5.Bb5+ Bd7 6.Bc4 Nb6 7.Bb3 e6 8.d4 cxd4
9.exd6 Bc6 10.Nxd4 Bxd6 11.Nxc6 Nxc6 12.Nd2 O-O 13.Ne4 Be7 14.Bf4 Nd5 15.
Bd2 Qc7 16.O-O Rfd8 17.Qf3 Rd7 18.Rad1 Rad8 19.Ng5 Ne5 20.Qg3 h6 21.Ne4 
Ng6 22.Qxc7 Nxc7 23.Be3 b6 24.Bc1 Rxd1 25.Rxd1 Rxd1+ 26.Bxd1 f5 27.Nd2 Nf4
28.Nb3 Nd3 29.Kf1 Kf7 30.Ke2 Nxc1+ 31.Nxc1 e5 32.Bb3+ Kf6 33.f3 Bd6 34.h3 
e4 35.Bg8 exf3+ 36.Kxf3 g6 37.Ne2 Be5 38.Ke3 g5 39.Nd4 Bxd4+ 40.Kxd4 h5 
41.a4 h4 42.b4 g4 43.Ke3 Ke5 44.Bc4 Ne8 45.Bf1 Nf6 46.c4 Ne4 47.Bd3 f4+ 
48.Ke2 Ng3+ 49.Kf2 gxh3 50.gxh3 Kd4 51.Bc2 Kc3 52.Kf3 Kxb4 53.Kxf4 Kxc4 
54.Kg4 Ne2 55.Kxh4 Nf4 56.Kg3 Nxh3 57.Kxh3 Kb4 58.Kg4 a6 59.Kf4 b5 1/2-1/2

[Event "23rd EUR-ch"]
[Site "Vrnjacka Banja SRB"]
[Date "2023.03.10"]
[Round "8.148"]
[White "Braun, Christian"]
[Black "Rabrenovic, Vladan"]
[Result "1/2-1/2"]
[WhiteElo "2449"]
[BlackElo "2223"]
[EventDate "2023.03.03"]
[PlyCount "70"]

1.Nf3 d6 2.g3 g6 3.Bg2 Bg7 4.O-O e5 5.d3 Ne7 6.e4 O-O 7.c3 c5 8.a3 b6 9.
Re1 Nbc6 10.b4 a6 11.Be3 h6 12.Nbd2 Be6 13.Nb3 Rc8 14.Rb1 Kh7 15.Nfd2 cxb4
16.axb4 d5 17.Nf3 d4 18.cxd4 exd4 19.Bd2 Qd6 20.Nc1 Na7 21.Bf4 Qd7 22.Ra1 
Nb5 23.Qa4 Ra8 24.Ne2 Nc6 25.Rec1 Nc3 26.Nxc3 dxc3 27.e5 b5 28.Qa3 a5 29.
Qxc3 Nxb4 30.Qd4 Nxd3 31.Qxd7 Bxd7 32.Rc7 Nxf4 33.gxf4 Be6 34.Nd4 Rfd8 35.
Nxe6 fxe6 1/2-1/2

[Event "23rd EUR-ch"]
[Site "Vrnjacka Banja SRB"]
[Date "2023.03.10"]
[Round "8.149"]
[White "Bulmaga, Irina"]
[Black "Shatil, Shir"]
[Result "1-0"]
[WhiteElo "2438"]
[BlackElo "2222"]
[EventDate "2023.03.03"]
[PlyCount "55"]

1.e4 c6 2.d4 d5 3.e5 c5 4.dxc5 e6 5.a3 Bxc5 6.b4 Be7 7.Nf3 Nd7 8.Bd3 a5 9.
b5 f6 10.Bb2 Nh6 11.Qe2 O-O 12.c4 Nf7 13.cxd5 Ndxe5 14.Nxe5 Nxe5 15.Bxe5 
fxe5 16.d6 Bxd6 17.Nd2 e4 18.Nxe4 Rf4 19.Rd1 Qe7 20.g3 Rf8 21.Nxd6 Rd8 22.
Nf5 Qf6 23.Nh6+ gxh6 24.Qe4 Rd7 25.O-O Kf7 26.Bc4 Qe7 27.Rd4 Kg7 28.Rfd1 
1-0

[Event "23rd EUR-ch"]
[Site "Vrnjacka Banja SRB"]
[Date "2023.03.10"]
[Round "8.150"]
[White "Ibadov, Dashgyn"]
[Black "Stankovic, Boris"]
[Result "1-0"]
[WhiteElo "2398"]
[BlackElo "2208"]
[EventDate "2023.03.03"]
[PlyCount "55"]

1.e4 c5 2.Nf3 Nc6 3.Bb5 e6 4.O-O Bd6 5.Bxc6 dxc6 6.e5 Bc7 7.d3 Ne7 8.Bf4 
O-O 9.a4 a5 10.Nbd2 Ng6 11.Bg3 b6 12.b3 f5 13.exf6 gxf6 14.Nh4 Bxg3 15.
hxg3 Nxh4 16.gxh4 Qd4 17.Qh5 Qf4 18.Nc4 Rb8 19.Rae1 b5 20.Re4 Qc7 21.Rg4+ 
Kh8 22.Qxc5 Rd8 23.Nxa5 e5 24.Rg3 Be6 25.axb5 Rg8 26.Nxc6 Rbe8 27.Rxg8+ 
Bxg8 28.Ra1 1-0

[Event "23rd EUR-ch"]
[Site "Vrnjacka Banja SRB"]
[Date "2023.03.10"]
[Round "8.151"]
[White "Zawadzka, Jolanta"]
[Black "Angun, Batu"]
[Result "1/2-1/2"]
[WhiteElo "2391"]
[BlackElo "2206"]
[EventDate "2023.03.03"]
[PlyCount "57"]

1.e4 c5 2.Nf3 d6 3.d4 cxd4 4.Nxd4 Nf6 5.Nc3 a6 6.Be2 e5 7.Nb3 Be7 8.O-O 
Be6 9.Re1 O-O 10.Bf3 b5 11.a4 b4 12.Nd5 Nxd5 13.exd5 Bf5 14.Bd2 a5 15.c3 
Na6 16.Be2 bxc3 17.Bxc3 Nb4 18.Bxb4 axb4 19.Bb5 Bg5 20.Bc6 Ra7 21.Qe2 Qf6 
22.Qb5 Bf4 23.Qxb4 Qh4 24.g3 Bxg3 25.Qxh4 Bxh4 26.Nd2 Rb8 27.Nc4 Bd3 28.
Rec1 Bg5 29.Ne3 1/2-1/2

[Event "23rd EUR-ch"]
[Site "Vrnjacka Banja SRB"]
[Date "2023.03.10"]
[Round "8.152"]
[White "Bournel, Antoine"]
[Black "Glienke, Manfred"]
[Result "1-0"]
[WhiteElo "2377"]
[BlackElo "2201"]
[EventDate "2023.03.03"]
[PlyCount "72"]

1.d4 Nf6 2.c4 e6 3.Nf3 d5 4.Nc3 Be7 5.Bf4 O-O 6.e3 b6 7.Bd3 Bb7 8.cxd5 
exd5 9.Ne5 c5 10.Qf3 Nc6 11.O-O cxd4 12.Nxc6 Bxc6 13.exd4 Qd7 14.h3 b5 15.
Rac1 b4 16.Ne2 Ne4 17.Rfd1 Rfe8 18.Rc2 Bd8 19.Rdc1 Re6 20.Be5 Rh6 21.Ng3 
Bg5 22.Rd1 Re8 23.Nf5 Rg6 24.h4 Bf6 25.Rdc1 Bd8 26.Nd6 f6 27.Bf4 Ba4 28.b3
Nxd6 29.Bxg6 hxg6 30.Bxd6 Qxd6 31.bxa4 Bb6 32.Rc8 Rxc8 33.Rxc8+ Kf7 34.h5 
Qe6 35.hxg6+ Kxg6 36.Rh8 Qf5 1-0

[Event "23rd EUR-ch"]
[Site "Vrnjacka Banja SRB"]
[Date "2023.03.10"]
[Round "8.153"]
[White "Baglan, Esat"]
[Black "Valiev, Shahin"]
[Result "1-0"]
[WhiteElo "2363"]
[BlackElo "2201"]
[EventDate "2023.03.03"]
[PlyCount "65"]

1.d4 d5 2.c4 e6 3.Nc3 Be7 4.Nf3 Nf6 5.cxd5 exd5 6.Bg5 c6 7.Qc2 g6 8.Bxf6 
Bxf6 9.e3 Bf5 10.Bd3 Bxd3 11.Qxd3 O-O 12.h4 h5 13.O-O-O Na6 14.Kb1 Rc8 15.
a3 b5 16.Ne2 Qd7 17.Nf4 Kg7 18.Rh3 Rg8 19.Rg3 Kf8 20.Ng5 Bxg5 21.Rxg5 Nc7 
22.g4 hxg4 23.Rg1 Ne6 24.R5xg4 Nxf4 25.Rxf4 Qe6 26.Rg5 Re8 27.Qc3 Qd6 28.
Ka2 Re6 29.h5 Rf6 30.Rxf6 Qxf6 31.f4 Qd6 32.f5 Qe7 33.Qxc6 1-0

[Event "23rd EUR-ch"]
[Site "Vrnjacka Banja SRB"]
[Date "2023.03.10"]
[Round "8.154"]
[White "Adan Bermudez, Sergio"]
[Black "Bashirov, Kemal"]
[Result "1-0"]
[WhiteElo "2338"]
[BlackElo "2188"]
[EventDate "2023.03.03"]
[PlyCount "73"]

1.Nf3 Nf6 2.c4 e6 3.e3 d5 4.b3 Be7 5.Bb2 O-O 6.Nc3 b6 7.cxd5 exd5 8.d4 Bb7
9.Bd3 Nbd7 10.O-O c5 11.Rc1 Rc8 12.Ne5 cxd4 13.exd4 Ne4 14.Ne2 f6 15.Ng4 
Re8 16.Ne3 Bd6 17.Nf5 Bb8 18.Neg3 Nxg3 19.fxg3 Nf8 20.Qg4 g6 21.Rce1 Rc7 
22.Ba3 Bc8 23.Nh6+ Kg7 24.Qh4 Rc6 25.Rxe8 Qxe8 26.Bb5 g5 27.Bxf8+ Qxf8 28.
Qh5 Rc7 29.Bd3 Qb4 30.Bxh7 Qxd4+ 31.Kh1 Qf2 32.Qg6+ Kf8 33.Qg8+ Ke7 34.
Qf7+ Kd8 35.Qf8+ Kd7 36.Bf5+ Kc6 37.Rxf2 1-0

[Event "23rd EUR-ch"]
[Site "Vrnjacka Banja SRB"]
[Date "2023.03.10"]
[Round "8.155"]
[White "Pajcin, Lav"]
[Black "Yordanov, Lachezar"]
[Result "1/2-1/2"]
[WhiteElo "2221"]
[BlackElo "2335"]
[EventDate "2023.03.03"]
[PlyCount "57"]

1.e4 c5 2.Nf3 d6 3.Bc4 Nf6 4.Qe2 Nc6 5.O-O e6 6.Bb5 Bd7 7.c3 a6 8.Ba4 Be7 
9.d4 cxd4 10.cxd4 O-O 11.Nc3 b5 12.Bc2 b4 13.Nb1 e5 14.d5 Na5 15.h3 Nb7 
16.Be3 Bb5 17.Bd3 Nxe4 18.Bxb5 axb5 19.Qxb5 Nbc5 20.Qxb4 Qd7 21.Bxc5 Nxc5 
22.Nc3 Rfb8 23.Qc4 Rxb2 24.Rab1 Rc2 25.Ne1 Rd2 26.Nf3 Rc2 27.Ne1 Rd2 28.
Nf3 Rc2 29.Ne1 1/2-1/2

[Event "23rd EUR-ch"]
[Site "Vrnjacka Banja SRB"]
[Date "2023.03.10"]
[Round "8.156"]
[White "Yurtseven, Melih"]
[Black "Stoinev, Metodi"]
[Result "1-0"]
[WhiteElo "2327"]
[BlackElo "2159"]
[EventDate "2023.03.03"]
[PlyCount "130"]

1.Nf3 d5 2.g3 Nf6 3.Bg2 g6 4.b3 Bg7 5.Bb2 Bg4 6.c4 c6 7.O-O O-O 8.d3 Bxf3 
9.Bxf3 e6 10.Nd2 Nbd7 11.Qc2 Qe7 12.Bg2 a5 13.a3 Rfd8 14.Rab1 Ne8 15.d4 
Nd6 16.Rfe1 Nf5 17.e3 h5 18.Rbd1 Qf8 19.Qb1 a4 20.b4 Nd6 21.c5 Nb5 22.f4 
Nf6 23.h3 Bh6 24.Rf1 Qg7 25.Rf3 Kh8 26.Rdf1 Rg8 27.R1f2 Qf8 28.Kh1 Qe7 29.
Bf1 Nc7 30.Bd3 Nfe8 31.g4 f5 32.Rg2 Bg7 33.gxh5 gxh5 34.Rfg3 Nf6 35.Rg6 
Bf8 36.Rxg8+ Nxg8 37.Nf3 Bg7 38.Qg1 Bf6 39.Be2 Qh7 40.Rg6 Rf8 41.Ne5 Ne7 
42.Rg2 Bxe5 43.dxe5 h4 44.Bd1 Qh6 45.Rg5 Rg8 46.Rxg8+ Nxg8 47.Bxa4 Ne7 48.
Bb3 Ng6 49.Qe1 Kh7 50.Bd1 Nb5 51.a4 Nc7 52.Bd4 Ne8 53.Qf2 Ng7 54.Qf3 Kg8 
55.b5 Kf7 56.b6 Qh8 57.a5 Qa8 58.Bc3 Qf8 59.Bb4 Qd8 60.Bb3 Qh8 61.Qd1 Qd8 
62.Qf1 d4 63.Qf3 dxe3 64.Qd1 Qa8 65.Qd7+ Kg8 1-0

[Event "23rd EUR-ch"]
[Site "Vrnjacka Banja SRB"]
[Date "2023.03.10"]
[Round "8.157"]
[White "Gaal, Zsoka"]
[Black "Lorscheid, Gerhard"]
[Result "1/2-1/2"]
[WhiteElo "2320"]
[BlackElo "2140"]
[EventDate "2023.03.03"]
[PlyCount "48"]

1.d4 d6 2.Nf3 Nf6 3.c4 Nbd7 4.g3 e5 5.Nc3 Be7 6.Bg2 O-O 7.O-O c6 8.e4 Re8 
9.h3 a6 10.a4 a5 11.Be3 Qc7 12.Qc2 exd4 13.Nxd4 Nc5 14.Rad1 Na6 15.Rfe1 
Bf8 16.f4 Nd7 17.Kh2 Ndc5 18.b3 Nb4 19.Qb1 Bd7 20.Nf3 Nba6 21.Re2 Qb6 22.
Nh4 Rad8 23.Rdd2 Bc8 24.g4 g6 1/2-1/2

[Event "23rd EUR-ch"]
[Site "Vrnjacka Banja SRB"]
[Date "2023.03.10"]
[Round "8.158"]
[White "Sgircea, Silvia-Raluca"]
[Black "Gorodetzky, Matan"]
[Result "1-0"]
[WhiteElo "2214"]
[BlackElo "2319"]
[EventDate "2023.03.03"]
[PlyCount "120"]

1.d4 d5 2.c4 e6 3.g3 c5 4.cxd5 exd5 5.Nf3 Nc6 6.Bg2 Nf6 7.O-O Be7 8.dxc5 
Bxc5 9.Qc2 Bb6 10.Nc3 O-O 11.Na4 Re8 12.Bg5 Bc7 13.Qd3 h6 14.Be3 Qe7 15.
Rfe1 Bg4 16.Rad1 Rad8 17.Bd4 Ne4 18.a3 Qd7 19.Nc5 Qc8 20.Rc1 Bb6 21.Nb3 
Bc7 22.Be3 Bf5 23.Qd1 Nd6 24.Nbd4 Nc4 25.Nxf5 Qxf5 26.Bd4 Nxd4 27.Nxd4 Qe5
28.e3 Bb6 29.Rb1 Kf8 30.Nf3 Qf5 31.Qb3 Rd6 32.Qc3 Rf6 33.b3 Nd6 34.Rf1 Ne4
35.Qb2 g5 36.Nd4 Qe5 37.Nf3 Qd6 38.Nd4 g4 39.Rbd1 h5 40.Nb5 Qe5 41.Qxe5 
Rxe5 42.Bxe4 dxe4 43.Nd6 h4 44.Nc4 Rh5 45.Rd6 Rxd6 46.Nxd6 hxg3 47.hxg3 
Bc5 48.Nxe4 Bxa3 49.Ra1 Ra5 50.Nd6 b5 51.Nxb5 Rxb5 52.Rxa3 a5 53.Kf1 f5 
54.Ke2 Ke7 55.Kd3 Kd6 56.e4 Ke6 57.exf5+ Kxf5 58.Kc4 Rb4+ 59.Kc3 Rb5 60.
Ra4 Kg5 1-0

[Event "23rd EUR-ch"]
[Site "Vrnjacka Banja SRB"]
[Date "2023.03.10"]
[Round "8.159"]
[White "Bodiroga, Predrag"]
[Black "Korelsky, Egor"]
[Result "1-0"]
[WhiteElo "2314"]
[BlackElo "2127"]
[EventDate "2023.03.03"]
[PlyCount "61"]

1.d4 d5 2.c4 c6 3.Nf3 Nf6 4.e3 e6 5.Nc3 Nbd7 6.Qc2 Bd6 7.b3 Qe7 8.Be2 O-O 
9.O-O b6 10.Bb2 Bb7 11.Rfe1 Rfe8 12.Bf1 Rad8 13.g3 c5 14.cxd5 exd5 15.Bg2 
a6 16.Rad1 Qf8 17.dxc5 bxc5 18.Ng5 h6 19.Nh3 Nb6 20.Nf4 Be7 21.a4 g5 22.
Nfe2 Na8 23.a5 Nc7 24.Na4 Ne6 25.Nb6 Nc7 26.b4 Nh7 27.bxc5 Bxc5 28.Nd4 
Bxd4 29.Bxd4 Nb5 30.Ba1 Qb4 31.Rf1 1-0

[Event "23rd EUR-ch"]
[Site "Vrnjacka Banja SRB"]
[Date "2023.03.10"]
[Round "8.160"]
[White "Starcevic, Ante Leon"]
[Black "Marcetic, Nikola"]
[Result "1/2-1/2"]
[WhiteElo "2202"]
[BlackElo "2309"]
[EventDate "2023.03.03"]
[PlyCount "100"]

1.d4 d5 2.Nf3 c6 3.Bf4 Bf5 4.e3 e6 5.c4 Nf6 6.Qb3 Qb6 7.c5 Qxb3 8.axb3 
Bxb1 9.Rxb1 Nbd7 10.h3 Be7 11.b4 a6 12.Ra1 O-O 13.Nd2 Rac8 14.Nb3 Bd8 15.
Bd6 Re8 16.Na5 Bxa5 17.bxa5 e5 18.dxe5 Ne4 19.b4 Nxe5 20.Bxe5 Rxe5 21.Be2 
Nc3 22.Bf3 d4 23.Kd2 Ne4+ 24.Bxe4 Rxe4 25.Kd3 f5 26.f3 Rxe3+ 27.Kxd4 Re2 
28.Rhe1 Rd8+ 29.Kc3 Rxg2 30.Rad1 Rxd1 31.Rxd1 Rg3 32.Rd8+ Kf7 33.Rd7+ Ke6 
34.Rxb7 Rxf3+ 35.Kd4 Rxh3 36.Rxg7 Rh4+ 37.Kc3 f4 38.Rc7 f3 39.Rxc6+ Ke5 
40.Kd2 Re4 41.Rc8 Rxb4 42.c6 Kd6 43.c7 Rf4 44.Ke1 Rf6 45.Ra8 Kxc7 46.Ra7+ 
Kb8 47.Rxh7 Rf5 48.Kf2 Rxa5 49.Kxf3 Re5 50.Kf2 a5 1/2-1/2

[Event "23rd EUR-ch"]
[Site "Vrnjacka Banja SRB"]
[Date "2023.03.10"]
[Round "8.161"]
[White "Palczert, Matyas"]
[Black "Sherman, Reem"]
[Result "1/2-1/2"]
[WhiteElo "2304"]
[BlackElo "2126"]
[EventDate "2023.03.03"]
[PlyCount "73"]

1.e4 c5 2.Nf3 g6 3.d4 cxd4 4.Qxd4 Nf6 5.Nc3 Nc6 6.Qa4 d6 7.e5 dxe5 8.Nxe5 
Qd4 9.Nxc6 Qxa4 10.Nxa4 bxc6 11.b3 Bf5 12.Ba6 Rb8 13.Bf4 Rb4 14.c4 Bg7 15.
Rd1 O-O 16.O-O Nd7 17.Be3 Nb8 18.Nc5 Nxa6 19.Nxa6 Rb7 20.Bf4 e5 21.Be3 Rc8
22.Rd2 Kf8 23.Rfd1 Ke8 24.Nc5 Re7 25.Rd6 h6 26.h3 g5 27.g4 Bg6 28.Nd7 Be4 
29.Bxa7 f5 30.Bc5 Bf3 31.R1d2 fxg4 32.hxg4 e4 33.Nb6 Rb8 34.Be3 Bc3 35.Rc2
Ba5 36.c5 Rh7 37.Kh2 1/2-1/2

[Event "23rd EUR-ch"]
[Site "Vrnjacka Banja SRB"]
[Date "2023.03.10"]
[Round "8.162"]
[White "Levitan, Ronit"]
[Black "Vagman, Roy"]
[Result "1/2-1/2"]
[WhiteElo "2185"]
[BlackElo "2298"]
[EventDate "2023.03.03"]
[PlyCount "78"]

1.e4 d6 2.d4 g6 3.Nf3 Bg7 4.Nc3 a6 5.Be3 b5 6.h4 h6 7.Bd3 e6 8.Qd2 Bb7 9.
Rd1 Nd7 10.Ne2 Ngf6 11.Ng3 Ng4 12.c3 Qe7 13.Bf4 e5 14.dxe5 dxe5 15.Be3 
O-O-O 16.h5 Nxe3 17.Qxe3 Nc5 18.O-O Nxd3 19.Rxd3 Rxd3 20.Qxd3 Rd8 21.Qc2 
Qe6 22.a4 Bf6 23.Rd1 Rxd1+ 24.Qxd1 gxh5 25.axb5 axb5 26.Qd3 h4 27.Nf5 Qd7 
28.Qe3 h5 29.Qh6 Bxe4 30.Qxf6 Qxf5 31.Qe7 f6 32.Qe8+ Kb7 33.Qxb5+ Kc8 34.
Qe8+ Kb7 35.Qb5+ Ka7 36.Qc5+ Kb8 37.Qf8+ Kb7 38.Qb4+ Kc8 39.Qf8+ Kb7 
1/2-1/2

[Event "23rd EUR-ch"]
[Site "Vrnjacka Banja SRB"]
[Date "2023.03.10"]
[Round "8.163"]
[White "Onslow, Alfie"]
[Black "Todorovic, Goran N."]
[Result "0-1"]
[WhiteElo "2174"]
[BlackElo "2296"]
[EventDate "2023.03.03"]
[PlyCount "62"]

1.e4 d6 2.d4 g6 3.Nc3 Bg7 4.Be3 a6 5.Qd2 Nd7 6.Nf3 b5 7.Bd3 Bb7 8.h4 h6 9.
Ne2 e6 10.Ng3 Ngf6 11.h5 g5 12.Nxg5 hxg5 13.Bxg5 Qb8 14.Qf4 Nh7 15.h6 Bxd4
16.O-O-O Nxg5 17.Qxg5 Qd8 18.Qd2 Qf6 19.c3 Qxf2 20.cxd4 Qxg3 21.Rh3 Qg6 
22.Qe3 O-O-O 23.h7 Rxh7 24.a4 Rxh3 25.gxh3 bxa4 26.Qe2 Qh6+ 27.Kb1 Qxh3 
28.Bxa6 Qb3 29.Bc4 Qb4 30.Rc1 Nb6 31.Ba6 Qxd4 0-1